BIBLIOTECA PODER JUDICIAL
Portal Judicial TDF

¿Violencia estética? / (Registro nro. 6441)

000 -LEADER
fixed length control field 01322nab a22002657a 4500
003 - CONTROL NUMBER IDENTIFIER
control field OSt
005 - DATE AND TIME OF LATEST TRANSACTION
control field 20260204092903.0
008 - FIXED-LENGTH DATA ELEMENTS--GENERAL INFORMATION
fixed length control field 190429b xxu||||| |||| 00| 0 spa d
040 ## - CATALOGING SOURCE
Transcribing agency PJ
100 ## - MAIN ENTRY--PERSONAL NAME
9 (RLIN) 4045
Personal name Figari, Rubén E.
245 10 - TITLE STATEMENT
Title ¿Violencia estética? /
Statement of responsibility, etc Rubén E. Figari.
260 ## - PUBLICATION, DISTRIBUTION, ETC. (IMPRINT)
Date of publication, distribution, etc Ciudad Autónoma de Buenos Aires :
Place of publication, distribution, etc Thomson Reuters La Ley,
Name of publisher, distributor, etc 2024.
300 ## - PHYSICAL DESCRIPTION
Extent p. 74-82
500 ## - GENERAL NOTE
General note Cita Online: AR/DOC/2684/2024.
505 ## - FORMATTED CONTENTS NOTE
Formatted contents note Sumario: I. Hechos.— II. Probanzas. Análisis.— III. Análisis por parte de la magistrada. Crítica.— IV. Conclusión.<br/>
505 ## - FORMATTED CONTENTS NOTE
Formatted contents note Fallo comentado: C1aCrim. y Correc., Formosa, 31/08/2023. - L. I., M. L. s/ homicidio con dolo eventual, lesiones leves —tres hechos—, lesiones gravísimas, estafa —cinco hechos—, ejercicio ilegal de la medicina —cinco hechos—, ejercicio ilegal de una profesión.
505 ## - FORMATTED CONTENTS NOTE
Title Si te interesa el texto completo, solicitalo a koha@justierradelfuego.gov.ar
650 #0 - SUBJECT ADDED ENTRY--TOPICAL TERM
9 (RLIN) 343
Topical term or geographic name as entry element DERECHO PENAL
650 #0 - SUBJECT ADDED ENTRY--TOPICAL TERM
9 (RLIN) 3053
Topical term or geographic name as entry element VIOLENCIA DE GÉNERO
650 #0 - SUBJECT ADDED ENTRY--TOPICAL TERM
9 (RLIN) 2950
Topical term or geographic name as entry element LESIONES
650 #0 - SUBJECT ADDED ENTRY--TOPICAL TERM
9 (RLIN) 2693
Topical term or geographic name as entry element DOLO
650 #0 - SUBJECT ADDED ENTRY--TOPICAL TERM
9 (RLIN) 7067
Topical term or geographic name as entry element CIRUGIA ESTETICA
773 0# - HOST ITEM ENTRY
Host Biblionumber 2658
Host Itemnumber 3164
Title Revista de derecho penal y criminología. Nº 1 - Febrero 2024
Place, publisher, and date of publication Ciudad Autónoma de Buenos Aires : Thomson Reuters La Ley, 2017-
International Standard Serial Number 00347914
942 ## - ADDED ENTRY ELEMENTS (KOHA)
Source of classification or shelving scheme
Koha item type Analítica Artículo de Revista

No hay ítems disponibles.

12 de Octubre 789 Ushuaia - Tel:  54(02901)441571
Horario de Atención: 8.00 a 17.00 hs. 
bibliotecaush@justierradelfuego.gov.ar
koha@justierradelfuego.gov.ar
Seguinos en nuestras redes @bibliojustdf 

Con tecnología Koha